| Registos Bibliográficos associados ao registo de autoridade |
|
Etiqueta de registo: 00230nam 2200025 450 001 1738317 003 http://id.bnportugal.gov.pt/bib/catbnp/1738317 010 ## $a978-989-555-315-0 021 ## $aPT$b283184/08 100 ## $a20100223d2008 m y0pory0103 ba 101 0# $apor 102 ## $aPT 105 ## $ay z 000yy 106 ## $ar 200 1# $aOrganizem-se!$e a gestão segundo Pessoa$fFernando Pessoa$gsel. e ed. de textos Filipe S. Fernandes$gpref. António Horta Osório$grev. Henrique Tavares e Castro 205 ## $a2ª ed 210 #9 $aLisboa$cOficina do Livro,$d2008 215 ## $a348 p.$d23 cm 225 2# $aSociedade 320 ## $aBibliografia, p. 343-348 675 ## $a339(045)$vBN$zpor$31380529 675 ## $a651(045)$vBN$zpor$31380530 675 ## $a658(045)$vBN$zpor$31183554 675 ## $a821.134.3Pessoa, Fernando.09$vBN$zpor$3291994 700 #1 $aPessoa,$bFernando,$f1888-1935$310380 702 #1 $aFernandes,$bFilipe S.$4340$31152661 702 #1 $aOsório,$bAntónio Horta,$f1964-$4080$31373731 702 #1 $aCastro,$bHenrique Tavares e$4675$3149474 801 #0 $aPT$bBN$gRPC 900 ## $aBIBNAC$d20100514 966 ## $lBN$mFGMON$sS.C. 121215 V.$x1 966 ## $lBN$mFGMON$sS.C. 121215 V.-D$x1
Etiqueta de registo: 00230nam 2200025 450 001 1710006 003 http://id.bnportugal.gov.pt/bib/catbnp/1710006 010 ## $a978-989-555-315-0 021 ## $aPT$b266028/07 100 ## $a20090424d2007 m y0pory0103 ba 101 0# $apor 102 ## $aPT 105 ## $ay z 000yy 106 ## $ar 200 1# $aOrganizem-se!$e a gestão segundo Pessoa$fFernando Pessoa$gsel. e ed. textos Filipe S. Fernandes$gpref. António Horta Osório$grev. Henrique Tavares e Castro 205 ## $a1ª ed 210 #9 $aLisboa$cOficina do Livro,$d2007 215 ## $a348 p.$d23 cm 225 2# $aSociedade 320 ## $aBibliografia, p. 343-348 675 ## $a339(045)$vBN$zpor$31380529 675 ## $a651(045)$vBN$zpor$31380530 675 ## $a658(045)$vBN$zpor$31183554 675 ## $a821.134.3Pessoa, Fernando.09$vBN$zpor$3291994 700 #1 $aPessoa,$bFernando,$f1888-1935$310380 702 #1 $aFernandes,$bFilipe S.$4340$31152661 702 #1 $aOsório,$bAntónio Horta,$f1964-$4080$31373731 702 #1 $aCastro,$bHenrique Tavares e$4675$3149474 801 #0 $aPT$bBN$gRPC 900 ## $aBIBNAC$d20130602 966 ## $lBN$mFGMON$sS.C. 117432 V.$x1 966 ## $lBN$mFGMON$sS.C. 117432 V.-D$x1
Etiqueta de registo: 00000nam 2200025 450 001 2286633 003 http://id.bnportugal.gov.pt/bib/catbnp/2286633 021 ## $aPT$b556486/25 100 ## $a20260521d2025 m y0pory01030103ba 101 0# $aeng 102 ## $aPT 105 ## $ay z 000yy 106 ## $ar 200 1# $a The Horta-Osório Collection of Antique Chess Sets.$hVol. 1,$iIndia$fAntonio Horta-Osório... [et al.]$gphot. Bruce White... [et al.] 210 #9 $a[S.l.]$cAntónio Horta Osório,$dcop. 2025 215 ## $a420, [4] p.$cil.$d31 cm 675 ## $a794.1.04(=1:540)"15/18"(083.82)$vBN$zpor$32000093 700 #1 $aOsório,$bAntónio Horta,$f1964-$31373731 702 #1 $aWhite,$bBruce$4600$31999909 801 #0 $aPT$bBN$gRPC 966 ## $lBN$mFGMON$pADLA$sB.A. 5743 A.$x3 971 ## $cabrito$d20260602 973 ## $cigoulao$d20260605 975 ## $e0$d20260615$viquintas
|
|
|